书目信息 |
| 题名: |
国外中国女性研究
|
|
| 作者: | 刘霓 , 黄育馥 著 | |
| 分册: | ||
| 出版信息: | 北京 中国社会科学出版社 2009.06 |
|
| 页数: | 352页 | |
| 开本: | 24cm | |
| 丛书名: | ||
| 单 册: | ||
| 中图分类: | C913.68 | |
| 科图分类: | ||
| 主题词: | 女性--nu^ xing--研究--世界 | |
| 电子资源: | ||
| ISBN: | 978-7-5004-7498-2 | |
| 000 | 00938nam0 2200265 450 | |
| 001 | 2383875312 | |
| 005 | 20231126231816.07 | |
| 010 | @a978-7-5004-7498-2@dCNY42.00@z7-5004-7498-9 | |
| 100 | @a20100331d2009 em y0chiy50 ea | |
| 101 | 0 | @achi |
| 102 | @aCN@b110000 | |
| 105 | @aak a 000yy | |
| 200 | 1 | @a国外中国女性研究@Aguo wai zhong guo nu^ xing yan jiu@e文献与数据分析@f刘霓, 黄育馥著 |
| 210 | @a北京@c中国社会科学出版社@d2009.06 | |
| 215 | @a352页@c图@d24cm | |
| 300 | @a本书获中国社会科学院出版基金资助 | |
| 320 | @a有书目 (第263-267页) | |
| 330 | @a本书内容包括: 寻找女性的身影 ; 寻觅女性的声音 ; 求索女性解放之路 ; 探秘中国的婚姻与家庭 ; 解析女性的经济角色等。 | |
| 517 | 1 | @a文献与数据分析@Awen xian yu shu ju fen xi |
| 606 | 0 | @a女性@Anu^ xing@x研究@y世界 |
| 690 | @aC913.68@v4 | |
| 701 | 0 | @a刘霓@Aliu ni@4著 |
| 701 | 0 | @a黄育馥@Ahuang yu fu@4著 |
| 801 | 0 | @aCN@bRENTIAN@c20100406 |
| 905 | @aBZT@dC913.68@e18 | |
| 国外中国女性研究:文献与数据分析/刘霓, 黄育馥著.-北京:中国社会科学出版社,2009.06 |
| 352页:图;24cm |
| 本书获中国社会科学院出版基金资助 |
| ISBN 978-7-5004-7498-2:CNY42.00 |
| 本书内容包括: 寻找女性的身影 ; 寻觅女性的声音 ; 求索女性解放之路 ; 探秘中国的婚姻与家庭 ; 解析女性的经济角色等。 |
| ● |
| 相关链接 |
|
|
|
正题名:国外中国女性研究
索取号:C913.68/18
 
预约/预借
| 序号 | 登录号 | 条形码 | 馆藏地/架位号 | 状态 | 备注 |
| 1 | 2001122918 | 2001122918 | 东辅楼二楼书库/ [索取号:C913.68/18] | 在馆 | |
| 2 | 2001122919 | 2001122919 | 东辅楼二楼书库/ [索取号:C913.68/18] | 在馆 | |
| 3 | 2001122920 | 2001122920 | 东辅楼二楼书库/ [索取号:C913.68/18] | 在馆 | |
| 4 | 2001122921 | 2001122921 | 东辅楼二楼书库/ [索取号:C913.68/18] | 在馆 | |
| 5 | 2001122922 | 2001122922 | 东辅楼二楼书库/ [索取号:C913.68/18] | 在馆 | |
| 6 | 2001122923 | 2001122923 | 东辅楼二楼书库/ [索取号:C913.68/18] | 在馆 | |
| 7 | 2001122924 | 2001122924 | 东辅楼二楼书库/ [索取号:C913.68/18] | 在馆 | |
| 8 | 2001122925 | 2001122925 | 东辅楼二楼书库/ [索取号:C913.68/18] | 在馆 | |
| 9 | 2001122926 | 2001122926 | 东辅楼二楼书库/ [索取号:C913.68/18] | 在馆 | |
| 10 | 2001122927 | 2001122927 | 东辅楼二楼书库/ [索取号:C913.68/18] | 在馆 | |
| 11 | 2001122928 | 2001122928 | 东辅楼二楼书库/ [索取号:C913.68/18] | 在馆 | |
| 12 | 2001122929 | 2001122929 | 东辅楼二楼书库/ [索取号:C913.68/18] | 在馆 | |
| 13 | 2001122930 | 2001122930 | 东辅楼二楼书库/ [索取号:C913.68/18] | 在馆 | |
| 14 | 2001122931 | 2001122931 | 东辅楼二楼书库/ [索取号:C913.68/18] | 在馆 | |
| 15 | 2001122932 | 2001122932 | 东辅楼二楼书库/ [索取号:C913.68/18] | 在馆 | |
| 16 | 2001122933 | 2001122933 | 东辅楼二楼书库/ [索取号:C913.68/18] | 在馆 | |
| 17 | 2001122934 | 2001122934 | 东辅楼二楼书库/ [索取号:C913.68/18] | 在馆 | |
| 18 | 2001122935 | 2001122935 | 东辅楼二楼书库/ [索取号:C913.68/18] | 在馆 | |
| 19 | 2001122936 | 2001122936 | 东辅楼二楼书库/ [索取号:C913.68/18] | 在馆 | |
| 20 | 2001122937 | 2001122937 | 东辅楼二楼书库/ [索取号:C913.68/18] | 在馆 | |
| 21 | 2001122938 | 2001122938 | 东辅楼二楼书库/ [索取号:C913.68/18] | 在馆 | |
| 22 | 2001122939 | 2001122939 | 东辅楼二楼书库/ [索取号:C913.68/18] | 在馆 | |
| 23 | 2001122940 | 2001122940 | 东辅楼二楼书库/ [索取号:C913.68/18] | 在馆 | |
| 24 | 2001122941 | 2001122941 | 东辅楼二楼书库/ [索取号:C913.68/18] | 在馆 | |
| 25 | 2001122942 | 2001122942 | 东辅楼二楼书库/ [索取号:C913.68/18] | 在馆 | |
| 26 | 2001122943 | 2001122943 | 东辅楼二楼书库/ [索取号:C913.68/18] | 在馆 | |
| 27 | 2001122944 | 2001122944 | 东辅楼二楼书库/ [索取号:C913.68/18] | 在馆 | |
| 28 | 2001122945 | 2001122945 | 东辅楼二楼书库/ [索取号:C913.68/18] | 在馆 | |
| 29 | 2001122946 | 2001122946 | 东辅楼二楼书库/ [索取号:C913.68/18] | 在馆 | |
| 30 | 2001122947 | 2001122947 | 东辅楼二楼书库/ [索取号:C913.68/18] | 在馆 |